[Event "Groninger Combinatie op"]
[Site "Groningen"]
[Date "2025.05.31"]
[Round "4"]
[White "Groenewoud, Joel"]
[Black "Boersma, David"]
[Result "1-0"]
[WhiteElo "2168"]
[BlackElo "1920"]
[PlyCount "69"]
[EventDate "2025.05.29"]
[EventType "swiss"]
[EventRounds "7"]
[EventCountry "NED"]
[SourceTitle "CB23_2025"]
[SourceDate "2025.06.04"]
[SourceVersion "1"]
[SourceVersionDate "2025.06.04"]
[SourceQuality "1"]

1. e4 c5 2. Nf3 Nc6 3. d4 cxd4 4. Nxd4 Nf6 5. Nc3 e5 6. Ndb5 d6 7. Nd5 Nxd5 8. exd5 Nb8 9. c4 Be7 10. Be2 0-0 11. 0-0 a6 12. Nc3 f5 13. Rb1 a5 14. a3 Na6 15. b4 axb4 16. axb4 f4 17. Ne4 Bf5 18. Bd3 b6 19. Qe2 Qc8 20. Bd2 Bg4 21. f3 Bf5 22. Rfc1 g6 23. Be1 Qb7 24. Bf2 Rfd8 25. c5 Kh8 26. cxd6 Rxd6 27. Nxd6 Bxd6 28. Bxf5 gxf5 29. Rc6 Qe7 30. Rxb6 Nxb4 31. Qb5 Na2 32. Qc6 Rd8 33. Rb7 Qf8 34. Bh4 Rc8 35. Qd7 1-0

[Event "Groningen op 60th"]
[Site "Groningen"]
[Date "2024.12.22"]
[Round "2"]
[White "Kazakouski, Valery"]
[Black "Groenewoud, Joel"]
[Result "1-0"]
[WhiteElo "2567"]
[BlackElo "2058"]
[PlyCount "99"]
[EventDate "2024.12.21"]
[EventType "swiss"]
[EventRounds "9"]
[EventCountry "NED"]
[SourceTitle "CB02_2025"]
[SourceDate "2025.01.08"]
[SourceVersion "1"]
[SourceVersionDate "2025.01.08"]
[SourceQuality "1"]

1. d4 Nf6 2. c4 g6 3. Nc3 Bg7 4. e4 d6 5. Nf3 0-0 6. Be2 e5 7. d5 a5 8. h3 Na6 9. Bg5 Qe8 10. g4 Nc5 11. Nd2 Bd7 12. Be3 Qd8 13. h4 c6 14. Rg1 Rb8 15. g5 Ne8 16. Nb3 b6 17. h5 Nc7 18. a4 N7a6 19. Rg3 Nb4 20. Nxc5 bxc5 21. Rb1 Qe7 22. Kd2 Rb7 23. b3 Rfb8 24. hxg6 fxg6 25. Bg4 Bxg4 26. Rxg4 Qf7 27. Rg1 Bh8 28. Qg4 Qe7 29. Rgd1 Bg7 30. Ke2 cxd5 31. exd5 Nc2 32. Nb5 Nd4+ 33. Kd3 Nf5 34. Bd2 Re8 35. Re1 Qd8 36. Re4 Rf8 37. Rh1 Rff7 38. Qh3 Bf8 39. f4 exf4 40. Bxf4 Rfe7 41. Rhe1 Rxe4 42. Rxe4 Rf7 43. Qg4 Ng7 44. Bd2 Rf5 45. Qe2 Kf7 46. Kc2 Qd7 47. Bxa5 Rxg5 48. Bd2 Rg3 49. a5 Qb7 50. Bf4 1-0

[Event "Amsterdam Science Park op-A"]
[Site "Amsterdam"]
[Date "2024.07.16"]
[Round "4"]
[White "Blees, Albert"]
[Black "Groenewoud, Joel"]
[Result "1-0"]
[WhiteElo "2307"]
[BlackElo "2095"]
[PlyCount "69"]
[EventDate "2024.07.13"]
[EventType "swiss"]
[EventRounds "9"]
[EventCountry "NED"]
[SourceTitle "CBM 221 Extra"]
[Source "ChessBase"]
[SourceDate "2024.09.30"]
[SourceVersion "1"]
[SourceVersionDate "2024.09.30"]
[SourceQuality "1"]

1. c4 Nf6 2. Nc3 g6 3. e4 d6 4. d4 Bg7 5. Nf3 0-0 6. Be2 e5 7. 0-0 Nc6 8. d5 Ne7 9. Bg5 Nd7 10. Nd2 f6 11. Bh4 g5 12. Bg3 f5 13. exf5 Nf6 14. Nde4 Nxe4 15. Nxe4 Nxf5 16. Rc1 b6 17. Bg4 a5 18. b3 h6 19. Re1 Nd4 20. Bxc8 Qxc8 21. f3 Qf5 22. a3 h5 23. h3 Kh8 24. Bf2 Qg6 25. Rc3 g4 26. fxg4 hxg4 27. Rg3 Rf4 28. Rxg4 Rxg4 29. hxg4 Rf8 30. g5 Rf4 31. Bxd4 exd4 32. Nf6 Bxf6 33. gxf6 Qxf6 34. Qh5+ Kg7 35. Qe8 1-0

[Event "Helmond Rapid op"]
[Site "Helmond"]
[Date "2024.06.15"]
[Round "6"]
[White "Geboers, Jimmy"]
[Black "Groenewoud, Joel"]
[Result "1-0"]
[WhiteElo "1949"]
[BlackElo "2088"]
[PlyCount "27"]
[EventDate "2024.06.15"]
[EventType "swiss (rapid)"]
[EventRounds "9"]
[EventCountry "NED"]
[SourceTitle "CBM 220 Extra"]
[Source "ChessBase"]
[SourceDate "2024.07.31"]
[SourceVersion "1"]
[SourceVersionDate "2024.07.31"]
[SourceQuality "1"]

1. d4 Nf6 2. c4 g6 3. Nc3 Bg7 4. e4 d6 5. f4 0-0 6. Nf3 c5 7. dxc5 dxc5 8. Bd3 Bg4 9. e5 Ne8 10. 0-0 Nc6 11. Be3 b6 12. Be4 Qc8 13. Qd5 Bd7 14. Rfd1 1-0

[Event "Helmond Rapid op"]
[Site "Helmond"]
[Date "2024.06.15"]
[Round "9"]
[White "Groenewoud, Joel"]
[Black "Van Batenburg, Mees"]
[Result "1-0"]
[WhiteElo "2088"]
[BlackElo "2172"]
[PlyCount "73"]
[EventDate "2024.06.15"]
[EventType "swiss (rapid)"]
[EventRounds "9"]
[EventCountry "NED"]
[SourceTitle "CBM 220 Extra"]
[Source "ChessBase"]
[SourceDate "2024.07.31"]
[SourceVersion "1"]
[SourceVersionDate "2024.07.31"]
[SourceQuality "1"]

1. e4 c5 2. Nf3 Nc6 3. d4 cxd4 4. Nxd4 Nf6 5. Nc3 e5 6. Ndb5 d6 7. Nd5 Nxd5 8. exd5 Nb8 9. c4 Be7 10. Be2 a6 11. Nc3 0-0 12. 0-0 Nd7 13. Rb1 a5 14. a3 f5 15. f3 f4 16. b4 axb4 17. axb4 Rf6 18. Ne4 Rh6 19. c5 Nf6 20. Nxf6+ Bxf6 21. Qc2 Bh4 22. Rd1 Bd7 23. Bc4 Rc8 24. c6 Qb6+ 25. Kf1 Bf5 26. Bd3 Bxd3+ 27. Rxd3 bxc6 28. b5 c5 29. Ra3 c4 30. Ra6 Qd4 31. Rc6 Rd8 32. Qd2 Qa7 33. b6 Qa4 34. b7 c3 35. Rxc3 Qa6+ 36. Qe2 Qa7 37. Rc8 1-0

[Event "Helmond Rapid op"]
[Site "Helmond"]
[Date "2024.06.15"]
[Round "2"]
[White "Quintus, Max"]
[Black "Groenewoud, Joel"]
[Result "0-1"]
[WhiteElo "1855"]
[BlackElo "2088"]
[PlyCount "68"]
[EventDate "2024.06.15"]
[EventType "swiss (rapid)"]
[EventRounds "9"]
[EventCountry "NED"]
[SourceTitle "CBM 220 Extra"]
[Source "ChessBase"]
[SourceDate "2024.07.31"]
[SourceVersion "1"]
[SourceVersionDate "2024.07.31"]
[SourceQuality "1"]

1. d4 Nf6 2. c4 g6 3. Nf3 Bg7 4. Nc3 0-0 5. e4 d6 6. Be2 e5 7. 0-0 Nc6 8. d5 Ne7 9. Ne1 Nd7 10. Be3 f5 11. f3 f4 12. Bf2 g5 13. a4 a5 14. Nd3 b6 15. b4 axb4 16. Nxb4 Nf6 17. Qc2 h5 18. Nb5 Rf7 19. Nc6 Nxc6 20. dxc6 Kh8 21. Rfd1 g4 22. c5 bxc5 23. Qxc5 Qe8 24. Nxd6 cxd6 25. Qb6 Bf8 26. a5 Rg7 27. Kh1 g3 28. hxg3 fxg3 29. Be3 Qe7 30. Bh6 Rg8 31. Bxf8 Rxf8 32. Qe3 Ng4 33. fxg4 Qh4+ 34. Kg1 Qh2# 0-1